00438nam a2200157Ia 4500003000400000005001700004008004100021020001800062040000900080082001700089100001900106245007100125260003400196300000900230650004100239OSt20200515090755.0190216s9999||||xx |||||||||||||| ||und|| a9788130913179 coclc a297.8bKHU/I a Khuri, Fuad I 0aImams And Emirs State Religion And Sects In Islam /cFuad I Khuri bViva Book,c2010.aNew Delhi: a270p 0aHistory & geographyvIslamic History